| 000 | 00398nam a2200157Ia 4500 | ||
|---|---|---|---|
| 005 | 20250310021410.0 | ||
| 008 | 240331s9999 xx 000 0 und d | ||
| 020 | _a9559564609 | ||
| 082 |
_bHOR _a323 |
||
| 100 | _aHoreshash,A | ||
| 245 | 0 | _aGini avi saha gini keli2-3 | |
| 260 |
_aColombo _bGodake & sons _c1994 |
||
| 300 | _a111 p ., | ||
| 500 | _aStory based on political conflicts. | ||
| 942 | _cL | ||
| 999 |
_c5558 _d5558 |
||